Human Rights in Bangladesh Special Focus on Right to Life and Liberty /

Detalles Bibliográficos
Autor principal: Yahyea, Khalid
Formato: eBook
Lenguaje:inglés
Publicado: Daca: Lambert Academic Publishing, 2019
Materias:
Acceso en línea:Acceso restringido

MARC

LEADER 00000nam a22000007a 4500
005 20190917135422.0
007 cr|||| ||||
008 190917s2019 bd |||||s|||| 00||0 eng d
020 |a 9786139448197 
035 |a 25399 
040 |a vLex 
090 |c 9545  |d 9545 
100 1 |a Yahyea, Khalid 
245 1 0 |a Human Rights in Bangladesh  |h [Recurso electrn̤ico] :  |b Special Focus on Right to Life and Liberty /  |c Khalid Yahyea 
256 |a Servicio en ln̕ea 
260 |a Daca:  |b Lambert Academic Publishing,  |c 2019 
300 |a 1 recurso electrn̤ico 
500 |a Under international human rights treaties States are responsible to ensure respect for, and full enjoyment of, human rights to all citizens of respective States. Bangladesh has ratified the International Covenant on Civil and Political Rights (ICCPR) in 2000 and also all major international human rights treaties. However, it has never taken initiatives to submit reports to the concerned UN treaty bodies of ICCPR, ICESCR and CAT although all States Parties are under an obligation to submit their country reports within one year of its entry into force. Nevertheless, due to lack of political willingness and commitment, democratic norms,institutions and civil liberties have not been institutionalized in Bangladesh. People cannot exercise their democratic rights,civil liberties freely without restriction which are guaranteed by the Constitution. Still there are significant debates regarding the effectiveness of functions of executive, legislative and judicial authority, lack of political and administrative accountability and transparency. All these issues are the reasons for severe abuse and violation of human rights,the rule of rule of law and lack of equal access to justice. 
506 1 |a Disponible solo en los productos indicados  |d vLex Global  |d vLex Global (Academic Edition, excluding Law Schools)  |d vLex Global (U.S. Academic Edition, Law Schools)  |d vLex Global (U.S. Academic Edition, excluding Law Schools)  |d vLex Global (Academic Edition, Law Schools) 
650 0 4 |a Derechos Humanos  |z Bangladesh 
740 0 |a vLex Libros (Servicio en ln̕ea) 
856 4 0 |u http://vlex.com/source/25399  |z Acceso restringido 
942 |c BOOK 
999 0 |a Human Rights